000 00792nam a2200253Ia 4500
008 191130s2009##################000#0#eng##
020 _a9781843106418
022 _a2008017781
040 _aACL
_cACL
082 _a790.196 BEC
100 _aBeckerleg, Tracey
245 _aFun with messy play : ideas and activities for children with special needs
_cTracey Beckerleg
260 _aLondon
_bJessica Kingsley Publishers
_c2009
300 _a160 p. : ill. ; 25 cm
500 _aIncludes index
650 _aChildren with disabilities - Recreation
650 _aCreative activities and seat work
650 _aMotor learning
650 _aPlay therapy
650 _aSensorimotor integration
990 _ae4bb0a11ac10000c185ef83d84a5f1cb
991 _a374412
999 _c190014
_d190014